[Event "Kurpfalz Seniors op 08th"]
[Site "Ludwigshafen"]
[Date "2002.09.11"]
[Round "4"]
[White "Paulsen, Eckart"]
[Black "Hoehnemann de Beau, Hans Juergen"]
[Result "0-1"]
[WhiteElo "1655"]
[BlackElo "1425"]
[PlyCount "80"]
[EventDate "2002.09.08"]
[EventType "swiss"]
[EventRounds "7"]
[EventCountry "GER"]
[SourceTitle "EXT 2007"]
[Source "ChessBase"]
[SourceDate "2006.11.23"]
[SourceVersion "1"]
[SourceVersionDate "2006.11.23"]
[SourceQuality "1"]

1. e4 d5 2. exd5 Nf6 3. Nc3 Nxd5 4. Nf3 Bg4 5. d4 c6 6. Be2 e6 7. 0-0 Bd6 8. Ne4 Be7 9. c4 Nf6 10. Ng3 Nbd7 11. h3 Bxf3 12. Bxf3 0-0 13. Bf4 h6 14. Qd2 Nh7 15. Ne4 Bg5 16. Nxg5 Nxg5 17. Bg4 f5 18. Bh5 Ne4 19. Qe3 g5 20. Bh2 Ndf6 21. Be2 Re8 22. f3 Nd6 23. Be5 f4 24. Qd3 Nf5 25. Rad1 Qe7 26. Rfe1 Qf7 27. Bf1 Rad8 28. Qc3 Ne3 29. Rxe3 fxe3 30. d5 Nd7 31. d6 Nxe5 32. Qxe5 Qf4 33. Qc5 Rd7 34. Rd4 Qg3 35. Rg4 Qf2+ 36. Kh2 Qxf1 37. Qxe3 Rg7 38. Qe5 Qd3 39. Rd4 Qf5 40. d7 Qxe5+ 0-1

[Event "Kurpfalz Seniors op 07th"]
[Site "Ludwigshafen"]
[Date "2001.10.05"]
[Round "6"]
[White "Schoeffler, Herta"]
[Black "Hoehnemann de Beau, Hans Juergen"]
[Result "0-1"]
[WhiteElo "1345"]
[BlackElo "1503"]
[PlyCount "42"]
[EventDate "2001.09.30"]
[EventType "swiss"]
[EventRounds "7"]
[EventCountry "GER"]
[SourceTitle "EXT 2007"]
[Source "ChessBase"]
[SourceDate "2006.11.23"]
[SourceVersion "1"]
[SourceVersionDate "2006.11.23"]
[SourceQuality "1"]

1. e4 e5 2. Nf3 Nc6 3. Bc4 Bc5 4. 0-0 d6 5. d3 Bg4 6. h3 h5 7. Bg5 f6 8. Bxg8 Rxg8 9. hxg4 hxg4 10. Nh2 g3 11. Be3 gxh2+ 12. Kxh2 Rh8+ 13. Kg1 f5 14. Bxc5 Qh4 15. f3 dxc5 16. Nc3 0-0-0 17. Qe1 Qh2+ 18. Kf2 f4 19. Rh1 Qg3+ 20. Ke2 Qxg2+ 21. Qf2 Nd4+ 0-1

[Event "Kurpfalz Seniors op 07th"]
[Site "Ludwigshafen"]
[Date "2001.10.03"]
[Round "4"]
[White "Hoehnemann de Beau, Hans Juergen"]
[Black "Mecker, Hans Joachim"]
[Result "1/2-1/2"]
[WhiteElo "1503"]
[BlackElo "1509"]
[PlyCount "50"]
[EventDate "2001.09.30"]
[EventType "swiss"]
[EventRounds "7"]
[EventCountry "GER"]
[SourceTitle "EXT 2007"]
[Source "ChessBase"]
[SourceDate "2006.11.23"]
[SourceVersion "1"]
[SourceVersionDate "2006.11.23"]
[SourceQuality "1"]

1. b4 e5 2. Bb2 d6 3. e3 Nf6 4. c4 Bg4 5. Be2 Qd7 6. Nf3 Be7 7. h3 Be6 8. d3 h6 9. Nbd2 0-0 10. e4 c6 11. d4 exd4 12. Nxd4 c5 13. Nxe6 fxe6 14. b5 e5 15. 0-0 Qe6 16. f4 exf4 17. Rxf4 Nbd7 18. Qc2 Nb6 19. Raf1 Rad8 20. a4 Kh8 21. Rh4 Nbd7 22. Nf3 Kg8 23. Bd3 Ne5 24. Nxe5 dxe5 25. Bc1 Kh7 1/2-1/2

[Event "Kurpfalz Seniors op 07th"]
[Site "Ludwigshafen"]
[Date "2001.10.02"]
[Round "3"]
[White "Weitzel, Paul"]
[Black "Hoehnemann de Beau, Hans Juergen"]
[Result "1-0"]
[WhiteElo "1647"]
[BlackElo "1503"]
[PlyCount "49"]
[EventDate "2001.09.30"]
[EventType "swiss"]
[EventRounds "7"]
[EventCountry "GER"]
[SourceTitle "EXT 2007"]
[Source "ChessBase"]
[SourceDate "2006.11.23"]
[SourceVersion "1"]
[SourceVersionDate "2006.11.23"]
[SourceQuality "1"]

1. d4 Nf6 2. c4 e5 3. dxe5 Ne4 4. Nf3 d6 5. e3 Nc6 6. exd6 Bxd6 7. a3 Be6 8. Nbd2 Nf6 9. b4 b6 10. Bb2 0-0 11. Qc2 h6 12. Rd1 Qe7 13. Ne4 Nxe4 14. Qxe4 Qe8 15. Be2 f5 16. Qc2 f4 17. e4 Bf7 18. Qc3 Ne5 19. Nxe5 Bxe5 20. Qxe5 Qxe5 21. Bxe5 g5 22. f3 c5 23. b5 Rfe8 24. Bc3 Rad8 25. Kf2 1-0